Largest Suburbs of Raleigh - Statistics

General Stats
  • This quiz has been taken 58 times
  • The average score is 10 of 20
Answer Stats
Suburb Population County % Correct
Cary 174,721 Wake/Chatham
98%
Durham 283,506 Durham/Wake
98%
Chapel Hill 61,960 Orange/Durham/Chatham
90%
Wake Forest 47,601 Wake/Franklin
78%
Apex 58,780 Wake
73%
Morrisville 29,630 Wake/Durham
58%
Fuquay-Varina 34,152 Wake
55%
Holly Springs 41,239 Wake
53%
Garner 31,159 Wake
50%
Knightdale 19,632 Wake
50%
Rolesville 9,475 Wake
43%
Clayton 26,307 Johnston/Wake
40%
Carrboro 21,295 Orange
38%
Wendell 9,793 Wake
35%
Hillsborough 9,660 Orange
30%
Mebane 17,797 Alamance/Orange
28%
Smithfield 11,292 Johnston
25%
Henderson 15,060 Vance
20%
Oxford 8,628 Granville
20%
Roxboro 8,134 Person
18%
No matching quizzes found
Score Distribution
Percent of People with Each Score
Percentile by Number Answered
Your Score History
You have not taken this quiz